[Event "Ruhrgebiet Regionalliga 0405"]
[Site "Ruhrgebiet"]
[Date "2004.09.19"]
[Round "1.6"]
[White "Wernitz, Albert Peter"]
[Black "Buchenthal, Dieter"]
[Result "0-1"]
[WhiteElo "2000"]
[BlackElo "2056"]
[PlyCount "66"]
[EventDate "2004.09.19"]
[EventType "team"]
[EventRounds "9"]
[EventCountry "GER"]
[SourceTitle "EXT 2006"]
[Source "ChessBase"]
[SourceDate "2005.11.24"]
[SourceVersion "1"]
[SourceVersionDate "2005.11.24"]
[SourceQuality "1"]
[WhiteTeam "Erkenschwick"]
[BlackTeam "Herne Sodingen"]
[WhiteTeamCountry "GER"]
[BlackTeamCountry "GER"]

1. Nf3 c5 2. g3 g6 3. Bg2 Bg7 4. 0-0 Na6 5. d4 Nf6 6. Nc3 0-0 7. e4 d6 8. e5 Ne8 9. dxc5 Nxc5 10. Be3 Ne6 11. Bf4 Nxf4 12. gxf4 Bg4 13. Qe1 Qa5 14. Qe4 Nc7 15. Rfe1 d5 16. Qd3 Bh6 17. Ng5 Bf5 18. Qd4 Rfd8 19. Re2 Rac8 20. Rd2 Bxg5 21. fxg5 Ne6 22. Qa4 Qxa4 23. Nxa4 Nxg5 24. Rxd5 Nh3+ 25. Kh1 Nxf2+ 26. Kg1 Nh3+ 27. Kh1 Rxd5 28. Bxd5 b5 29. Nc3 b4 30. Ne2 Rxc2 31. Nd4 Rc5 32. Nxf5 gxf5 33. Bg2 Nf4 0-1

[Event "Ruhrgebiet Regionalliga 0304"]
[Site "Ruhrgebiet"]
[Date "2004.04.04"]
[Round "8.8"]
[White "Mikulski, Georg"]
[Black "Buchenthal, Dieter"]
[Result "1-0"]
[WhiteElo "2023"]
[BlackElo "2037"]
[PlyCount "80"]
[EventDate "2003.10.05"]
[EventType "team"]
[EventRounds "9"]
[EventCountry "GER"]
[SourceTitle "EXT 2007"]
[Source "ChessBase"]
[SourceDate "2006.11.23"]
[SourceVersion "1"]
[SourceVersionDate "2006.11.23"]
[SourceQuality "1"]
[WhiteTeam "Herne Sodingen"]
[BlackTeam "Wattenscheid III"]
[WhiteTeamCountry "GER"]
[BlackTeamCountry "GER"]

1. e4 c5 2. Nf3 e6 3. d4 cxd4 4. Nxd4 Bc5 5. Nb3 Bb6 6. Bd3 Ne7 7. Nc3 0-0 8. Qe2 f5 9. Be3 Bxe3 10. Qxe3 f4 11. Qe2 Nbc6 12. 0-0-0 Ng6 13. f3 a6 14. Qf2 b5 15. Ne2 Rf7 16. h4 Nge5 17. Kb1 Qc7 18. Rhg1 Rb8 19. g3 fxg3 20. Qxg3 a5 21. f4 Nc4 22. e5 a4 23. Nbd4 Ne7 24. h5 Rb6 25. Qg5 a3 26. b3 d6 27. Qh6 Ng6 28. Rxg6 hxg6 29. Qxg6 dxe5 30. Qh7+ Kf8 31. fxe5 Nxe5 32. Bg6 Ke7 33. Bxf7 Nxf7 34. Qxg7 Qe5 35. Qg8 Bd7 36. Rf1 Be8 37. h6 Rd6 38. Qg7 Qh2 39. Qf6+ Kd7 40. Qg7 Ke7 1-0

[Event "Ruhrgebiet VL2 0001"]
[Site "Ruhrgebiet"]
[Date "2000.11.19"]
[Round "3"]
[White "Van der Linden, Lucas"]
[Black "Buchenthal, Dieter"]
[Result "1-0"]
[WhiteElo "2251"]
[BlackElo "2103"]
[PlyCount "73"]
[EventDate "2000.09.17"]
[EventType "team-tourn"]
[EventRounds "9"]
[EventCountry "GER"]
[SourceTitle "EXT 2023"]
[Source "ChessBase"]
[SourceDate "2022.10.05"]
[SourceVersion "1"]
[SourceVersionDate "2022.10.05"]
[SourceQuality "1"]
[WhiteTeam "Bochum SV"]
[BlackTeam "Wattenscheid III"]
[WhiteTeamCountry "GER"]
[BlackTeamCountry "GER"]

1. d4 g6 2. c4 Bg7 3. Nc3 c5 4. d5 f5 5. Qc2 e5 6. dxe6 dxe6 7. Nf3 Nc6 8. Bg5 Nd4 9. Nxd4 Qxg5 10. Ndb5 Be5 11. e3 Qe7 12. f4 Bb8 13. 0-0-0 a6 14. Na4 axb5 15. Nb6 Rxa2 16. Kb1 Qc7 17. Qc3 e5 18. Nxc8 Ra6 19. cxb5 Re6 20. Bc4 Qxc8 21. Bxe6 Qxe6 22. Qxc5 Nf6 23. Qa3 exf4 24. exf4 Kf7 25. Rhe1 Ne4 26. Qa8 Nd2+ 27. Ka1 Qd5 28. Rxd2 Bxf4 29. Qxh8 Qxd2 30. Qxh7+ Kf8 31. Qe7+ Kg8 32. g3 Bg5 33. Qe6+ Kg7 34. Qe2 Qa5+ 35. Kb1 Bf6 36. Rd1 Qc7 37. Qe6 1-0

[Event "Ruhrgebiet VL2 0001"]
[Site "Ruhrgebiet"]
[Date "2000.09.17"]
[Round "1"]
[White "Buchenthal, Dieter"]
[Black "Kaehmann, Joerg"]
[Result "1/2-1/2"]
[WhiteElo "2103"]
[BlackElo "2157"]
[PlyCount "106"]
[EventDate "2000.09.17"]
[EventType "team-tourn"]
[EventRounds "9"]
[EventCountry "GER"]
[SourceTitle "EXT 2023"]
[Source "ChessBase"]
[SourceDate "2022.10.05"]
[SourceVersion "1"]
[SourceVersionDate "2022.10.05"]
[SourceQuality "1"]
[WhiteTeam "Wattenscheid III"]
[BlackTeam "Herne Sodingen"]
[WhiteTeamCountry "GER"]
[BlackTeamCountry "GER"]

1. g3 f5 2. c3 Nf6 3. Bg2 g6 4. Nh3 Bg7 5. Qb3 Nc6 6. d4 e6 7. f3 0-0 8. e4 fxe4 9. fxe4 d6 10. Bg5 Qe8 11. Nf2 Nd8 12. Nd2 Nf7 13. Be3 e5 14. 0-0 b6 15. Rfe1 c5 16. a4 Be6 17. Qa3 Nh6 18. d5 Bd7 19. h3 Nh5 20. Kh2 Qe7 21. b4 Rf7 22. bxc5 bxc5 23. Nd3 Raf8 24. Rab1 Bc8 25. Qc1 Nf4 26. gxf4 exf4 27. Bf2 f3 28. Bf1 Qg5 29. Nc4 Qh5 30. Nxd6 Ng4+ 31. Kh1 c4 32. Nxc4 Nxf2+ 33. Nxf2 Qh4 34. Rb2 Bh6 35. Qd1 Bf4 36. e5 Bg3 37. e6 Rf4 38. Qd2 Rxc4 39. e7 Re8 40. d6 Bxf2 41. Qd5+ Kg7 42. Qxc4 Bxe1 43. Qxc8 Rxc8 44. d7 Rd8 45. e8Q Bxc3 46. Rc2 Bd4 47. Rd2 Bf6 48. a5 Qf4 49. Rd5 Qc1 50. Kg1 Qc6 51. Qe4 Rxd7 52. Rxd7+ Qxd7 53. Qxf3 Qd4+ 1/2-1/2